| 000 | 00667nam a22002177a 4500 | ||
|---|---|---|---|
| 005 | 20251108164322.0 | ||
| 008 | 250721s1984 xx 000 0 ara d | ||
| 082 | 1 | 4 | _a420.7/كيس |
| 100 | 1 | _aكيس، دغ | |
| 245 | 1 | 0 | _aلنتكلم الإنجليزية / |
| 246 | 1 | 1 | _alet's Speak English |
| 264 | 1 |
_aالقاهرة : _bدار الشروق، _c1984. |
|
| 300 | _a2ج | ||
| 500 | _aمنبني على سلسلة تعليم الإنجليزية بالراديو | ||
| 650 | 1 | 7 | _aاللغة الإنجليزية |
| 650 | 1 | 7 | _aالتعلم |
| 700 | 1 | _aميلن، جون | |
| 700 | 1 |
_aسرحان، ماجد _eترجمة |
|
| 942 |
_2ddc _cBK |
||
| 999 |
_c9226 _d9226 |
||